Loreto College Library, Kolkata
WEBOPAC (ONLINE PUBLIC ACCESS CATALOGUE)

The cultural origins of human cognition (Record no. 43768)

MARC details
000 -LEADER
fixed length control field 00638nam a22002177a 4500
005 - DATE AND TIME OF LATEST TRANSACTION
control field 20240516140051.0
008 - FIXED-LENGTH DATA ELEMENTS--GENERAL INFORMATION
fixed length control field 240516b |||||||| |||| 00| 0 eng d
020 ## - ISBN | অাই এস বি এন
ISBN | অাই এস বি এন 9780674005822
PRICE Rs.1894.69
040 ## - CATALOGING SOURCE
Original cataloging agency Loreto College
041 ## - LANGUAGE CODE
Language code English
082 ## - DDC | ডিউই
Classification number | বর্গসংখ্যা 153
Book Number | গ্রন্থাঙ্ক TOM
100 ## - MAIN ENTRY--PERSONAL NAME | মুখ্য সংলেখ - ব্যাক্তিনাম
Personal name | ব্যাক্তিনাম Tomasello,Michael
245 ## - TITLE STATEMENT | অাখ্যা বিবরণী
Title | অাখ্যা The cultural origins of human cognition
Statement of responsibility | লেখকের দায়িত্বের বিবরণ Michael Tomasello
260 ## - IMPRINT | প্রকাশনা ক্ষেত্র
Place of publication | প্রকাশ স্থান Cambridge
Name of publisher | প্রকাশকের নাম Harvard University Press
Date of publication | প্রকাশ কাল 1999
300 ## - PHYSICAL DESCRIPTION |
Page / Vol. No | পৃষ্ঠা / খন্ড সংখ্যা vii,248p
Other physical details | অনান্য বাহ্যিক বিবরণ 22cm
504 ## - BIBLIOGRAPHY, ETC. NOTE
Bibliography, etc Includes bibliographical references and index
650 ## - SUBJECT ADDED ENTRY--TOPICAL TERM | বিষয় শিরোনাম - মূল বিষয়
Topical term | মূল বিষয় Cognition
650 ## - SUBJECT ADDED ENTRY--TOPICAL TERM | বিষয় শিরোনাম - মূল বিষয়
Topical term | মূল বিষয় Cognitive psychology
850 ## - HOLDING INSTITUTION
Holding institution LCLIB
Sub Holdings Psychology PG
942 ## - ADDED ENTRY ELEMENTS (KOHA)
Koha item type Books
Holdings
Withdrawn status Lost status Source of classification Damaged status Not for loan Home library Current library Shelving location Date acquired Price Total Checkouts Full call number Accession No. Date last seen Price effective from Koha item type Coded location qualifier
    Dewey Decimal Classification     Loreto College Loreto College PsychologyPG 16/05/2024 1895.00   153 TOM PG221 47899 16/05/2024 16/05/2024 Books